Marketing for the Home-Based Business (Record no. 1969)

MARC details
000 -LEADER
fixed length control field 00345nam a22001337a 4500
008 - FIXED-LENGTH DATA ELEMENTS--GENERAL INFORMATION
fixed length control field 250218b |||||||| |||| 00| 0 eng d
020 ## - INTERNATIONAL STANDARD BOOK NUMBER
ISBN 1558509453
100 ## - MAIN ENTRY--AUTHOR
Author DAVIDSON, P. Jeffrey
245 ## - TITLE STATEMENT
Title Marketing for the Home-Based Business
260 ## - PUBLICATION, DISTRIBUTION, ETC. (IMPRINT)
Place of publication Massachusett
Name of publisher BNB Adams Inc.
Date of publication 1990
300 ## - COLLATION
Pagination 183p.
942 ## - ADDED ENTRY ELEMENTS (KOHA)
Item type Books
050 ## - LIBRARY OF CONGRESS CALL NUMBER
Classification number HD2331
Item number .D38
Holdings
Source of classification or shelving scheme Not for loan Permanent location Current location Date acquired Accession No. Full call number Barcode. Koha item type
Library of Congress Classification   Samuel Ogbemudia Main Library, University of Abuja Samuel Ogbemudia Main Library, University of Abuja 02/18/2025 2007/34581 HD2331.D38 2025-0104 Books